| 000 | 00895nam a22002777a 4500 | ||
|---|---|---|---|
| 999 |
_c15273 _d15273 |
||
| 003 | MIRAKIL | ||
| 005 | 20240206104627.0 | ||
| 008 | 240206b tu ||||| |||| 00| 0 tur d | ||
| 020 | _a9786056339448 | ||
| 040 |
_aTR-AnCHP _cTR-AnCHP |
||
| 041 | _aTürkçe | ||
| 082 |
_a956.1024092 _bY25A 2015 |
||
| 090 | _a956.1024092 Y25A 2015 | ||
| 100 | _aYamak, Harika | ||
| 245 | 1 | 0 |
_aAtatürk ve liderlik / _cHarika Yamak |
| 260 |
_aİstanbul _bYılmaz Basım _c2015 |
||
| 300 |
_a230 s. _c20 cm. |
||
| 600 | 1 | 4 |
_91465 _aAtatürk, Gazi Mustafa Kemal _d1881-1938 |
| 650 | 0 |
_95673 _aKemalizm |
|
| 650 | 0 |
_9104 _aAtatürk, M. Kemal _xLiderlik |
|
| 650 | 0 |
_95499 _a Liderlik |
|
| 650 | 0 |
_9108 _aAtatürk, M. Kemal _xSiyaset ve yönetim |
|
| 650 | 0 |
_999 _aAtatürk, M. Kemal _xİdeoloji |
|
| 856 | _zDijital Nüshası için Partimizin Kütüphane Sorumlusu ile iletişime geçiniz. | ||
| 942 |
_2ddc _cBKS |
||